| 000 | 00000nam##2200000za#4500 |
| 001 | 9.644159 |
| 003 | CaOODSP |
| 005 | 20210624224520 |
| 007 | cr ||||||||||| |
| 008 | 150407|2014||||xxc|||||o f|0| 0 fre|d |
| 040 | |aCaOODSP|bfre |
| 043 | |an-cn--- |
| 086 | 1 |aFo4-51/2014F-PDF |
| 110 | 1 |aCanada. |bRessources naturelles Canada. |
| 245 | 10|aComposition des forêts du Canada |h[ressource électronique] |
| 260 | |aOttawa - Ontario : |bRessources naturelles Canada |cc2014. |
| 300 | |a1p.|bill. en couleur |
| 590 | |a15-04|b2015-01-23 |
| 691 | 07|aArbre|2gcpds |
| 691 | 07|aForêt|2gcpds |
| 775 | 08|tForest composition across Canada |w(CaOODSP)9.700257 |
| 856 | 40|ahttp://publications.gc.ca|qPDF|s4.86 Mo|uhttps://publications.gc.ca/collections/collection_2015/rncan-nrcan/Fo4-51-2014-fra.pdf |